000 00307nam a22001337a 4500
008 170904b xxu||||| |||| 00| 0 eng d
020 _a9780201567601
041 _aeng
080 _a070
100 _a40
101 _aMED
245 _aTHE ASSOCIATE AND LIBEL MANUAL
_cGOLDSTEIN.N
942 _2udc
_cBK
999 _c25978
_d25978